LEADER 01005nam0-2200325---450- 001 990008599900403321 005 20080110120125.0 020 $aIT$b89-4193 035 $a000859990 035 $aFED01000859990 035 $a(Aleph)000859990FED01 035 $a000859990 100 $a20080110d1986----km-y0itay50------ba 101 0 $aita 102 $aIT 105 $aa-------001yy 200 1 $aModelli di processo edilizio$el'esperienza della Francia e degli Stati Uniti$fRomano Del Nord, Eugenio Arbizzani 210 $aFirenze$cAlinea$d1986 215 $a192 p.$cill$d30 cm 225 1 $aQuaderni del Dipartimento di processi e metodi della produzione edilizia$v2 676 $a624.068$v19$zita 700 1$aDel Nord,$bRomano$f<1947- >$07652 701 1$aArbizzani,$bEugenio$0312881 801 0$aIT$bUNINA$gRICA$2UNIMARC 901 $aBK 912 $a990008599900403321 952 $a170025$b328$fDCATA 959 $aDCATA 996 $aModelli di processo edilizio$9713061 997 $aUNINA LEADER 01267nam 2200457 450 001 9910148616003321 005 20230803015514.0 010 $a1-63459-102-X 035 $a(CKB)3710000000921635 035 $a(MiAaPQ)EBC5245423 035 $a(EXLCZ)993710000000921635 100 $a20180311h20132013 uy 0 101 0 $aeng 135 $aurcnu|||||||| 181 $2rdacontent 182 $2rdamedia 183 $2rdacarrier 200 10$aWills, trusts, and estates /$fby Jeffrey N. Pennell, Alan Newman 205 $aFourth edition. 210 1$aSt. Paul, Minnesota :$cWest,$d2013. 210 4$dİ2013 215 $a1 online resource (538 pages) 225 0 $aQuick Review Series 300 $aIncludes index. 311 $a0-314-28685-3 606 $aEstate planning$zUnited States 606 $aTrusts and trustees$zUnited States 606 $aWills$zUnited States 615 0$aEstate planning 615 0$aTrusts and trustees 615 0$aWills 676 $a346.73052 700 $aPennell$b Jeffrey N.$01378286 702 $aNewman$b Alan 801 0$bMiAaPQ 801 1$bMiAaPQ 801 2$bMiAaPQ 906 $aBOOK 912 $a9910148616003321 996 $aWills, trusts, and estates$93416542 997 $aUNINA